| 000 | 01029nas a2200337 4500 | ||
|---|---|---|---|
| 001 | BR2014002332 | ||
| 003 | BR-BrBNA | ||
| 005 | 20231205123913.0 | ||
| 007 | ta | ||
| 008 | 230509b bl.|||p| |||| 00| 00por d | ||
| 040 |
_aBR-BrBNA _bpor _cBiblioteca Nacional de Agricultura |
||
| 041 | _a(Pt) | ||
| 072 | _aQ04 | ||
| 100 | 1 | _aKuss, F. | |
| 100 | 1 | _aLópez, J. | |
| 100 | 1 | _aRestle, J. | |
| 100 | 1 | _aBarcellos, J.O.J. | |
| 100 | 1 | _aMoletta, J.L. | |
| 100 | 1 | _aLeite, M.C. de P. | |
| 245 | 1 | _aQualidade da carne de novilhos terminados em confinamento e abatidos aos 16 ou 26 meses de idade | |
| 650 | _aNOVILHO | ||
| 650 | _aGADO DE CORTE | ||
| 650 | _aCARNE | ||
| 650 | _aANÁLISE ORGANOLÉPTICA | ||
| 650 | _aCOMPOSIÇÃO QUÍMICA | ||
| 650 | _aCOR | ||
| 773 | 0 |
_tRevista Brasileira de Zootecnia (Brazil) _xISSN 1806-9290 _g(Apr 2010), v. 39(4) p. 924-931 _wBR2014002332 |
|
| 856 | 4 | 0 | _uhttp://www.scielo.br/pdf/rbz/v39n4/v39n4a29.pdf |
| 909 |
_a202311 _bLúcia _c55 _dLúcia Elande |
||
| 942 |
_2AGRIS _n0 _cANA |
||
| 999 |
_c236300 _d236300 |
||